000 03101cam a22005054i 4500
003 PE-LiUPU
005 20250731173334.0
008 150706s2004 nyu r 000 0 eng d
020 _a9780567085184
035 _a(Sirsi) i9780567085184
040 _aPE-LiUPU
_bspa
_cPE-LiUPU
_erda
049 _aPRUA
082 0 4 _a220.7
_bICC2004 40c
_221
100 1 _aDavies, W. D.,
_d1911-,
_eautor.
245 1 2 _aA critical and exegetical commentary on the gospel according to Saint Matthew /
_cW. D. Davies y Dale C. Allison.
264 1 _aLondon ; New York :
_bT&T Clark International,
_c2004.
300 _a789 páginas ;
_c23 centímetros.
336 _atext
_2rdacontent
337 _aunmediated
_2rdamedia
338 _avolume
_2rdacarrier
490 0 _aThe International Critical Commentary
500 _aCommentary on Mathew XIX-XXVIII.
505 0 _aExcursus Xv The Arrangement Of Mt 19.1-23.29 -- Monogamy, Dyvorce,Celibacy -- Jesus And The Children -- Wealth And The Kingdom -- The Generous Employer -- Another Passion And True Prediction -- False Ambition And True Service -- The Prophet-King Enters Jerusalem -- The Propher-King In The Temple -- The Cursed Fig Tree -- The Chief Priests And Elders Question Jesus`Authority -- The Two Song -- The Parable Of The Wicked Tenants -- Invitations To A Royal Wedding Feast -- Tribute To Caesar -- The Sadducees And The Resurrection -- The Greatest And First Commandment -- David`S Son As David`S Lord Excursus Xvi Preface To Chapter -- Warnings Against The Scribes And Pharisees -- Seven Woes -- Lament Over Jerusalem -- The End Of The Ages -- Eschatological Vigilance -- The Judgement Of The Son Of Man -- Introduction To The Passion Narrative -- The Anointing At Bethany -- The Betrayal For Money -- The Last Supper -- Scattering And Denial Foreseen -- Jesus In Gethsemane -- The Arrest Of Jesus -- Jesus Confesses Before The Sanhedrin -- Peter`S Denial -- Judas And The Money Of Betrayal -- Excursus Xvii The Formula Quotations -- Jesus Roman Mockery -- The Crucifixion -- The Burial Of Jesus And The Guard At The Tomb -- Empty Tomb And Risen Lord -- The Concluding Commission.
526 _aSEG42
526 _aSEG41
526 _aSEG40
526 _aSEG39
526 _aP94
526 _aP87
526 _aP86
526 _aP85
526 _aP77
526 _aP76
526 _aP35
541 _g103-3336991-5762639;
630 0 4 _aBiblia
_xCrítica, interpretación, etc.
630 0 4 _aBiblia.
_pN.T.
_pMateo
_xComentarios.
700 1 _aAllison, Dale C.,
_eautor.
910 _bn
_cjvm
_d20100225
942 _2ddc
_cBOOK
949 _a220.7 ICC 2004 40C
_wDEWEY
_c1
_i59366
_lCCODEBUL1
_mBUL
_p156.00
_r0
_sY
_tBOOK
_u2015-7-6
_xTEOLOGIA
_zUNKNOWN
_0COMPRA
_o.STAFF. Colección Teología
994 _aC0
_bPEPRU
596 _a1
999 _a220.7 ICC 2004 40C
_wDEWEY
_c48962
_i59366
_d48962
_f2021-11-9
_g5
_lCCODEBUL1
_mBUL
_p156.00
_q1
_r0
_sY
_tBOOK
_u2015-7-6
_xTEOLOGIA
_PP35
_0COMPRA
_o.CIRCNOTE. Material de alto precio
_o.STAFF. Colección Teología
980 _81
_gALBERTO SANCHEZ Responsable de Automatización